01009nam a2200277 i 4500003000900000005001700009008004100026040004300067043001200110082001700122100005000139245004800189264003800237264001000275300002300285336002600308337002800334338002700362504005200389651003800441651003300479655001700512942001200529999001700541952017300558EG-ScBUE20240423142142.0091122t1946 nyu f b 001 0 eng d aEG-ScBUEbengerdacEG-ScBUEdEG-ScBUE aa-ii---04222a954bNEH1 aNehru, Jawaharlal,‏d1889-1964‏,eauthor.14aThe discovery of India /cJawaharlal Nehru. 1aNew York :bThe John Day,c[1946] 4cc1946 a595 pages ;c21 cm 2rdacontentatextbtxt aunmediated2rdamediabn avolumebnc2rdacarrier aIncludes bibliographical references and index.  799492aIndiaxCivilization.2BUEsh 799493aIndiaxHistory.2BUEsh vReading book 2ddccBB c12947d12947 00102ddc40708Donation-GaMAINbMAINc2NDd2009-11-22eDonationl1o954 NEHp000018977r2025-07-15 00:00:00s2015-09-16w2009-11-22yBBzDonated by: Alaa Abdel Ghany